Essentials of Management (Record no. 84886)
[ view plain ]
| 000 -LEADER | |
|---|---|
| fixed length control field | 00642nam a22002417a 4500 |
| 003 - CONTROL NUMBER IDENTIFIER | |
| control field | URS |
| 005 - DATE AND TIME OF LATEST TRANSACTION | |
| control field | 20250828100502.0 |
| 008 - FIXED-LENGTH DATA ELEMENTS--GENERAL INFORMATION | |
| fixed length control field | 250317b ||||| |||| 00| 0 eng d |
| 040 ## - CATALOGING SOURCE | |
| Transcribing agency | URS |
| 050 ## - LIBRARY OF CONGRESS CALL NUMBER | |
| Classification number | HD31 |
| Item number | .K837e 1982 |
| 100 1# - MAIN ENTRY--PERSONAL NAME | |
| 9 (RLIN) | 4499 |
| Personal name | Koontz, Harold, |
| Dates associated with a name | 1908- |
| 245 ## - TITLE STATEMENT | |
| Title | Essentials of Management |
| 250 ## - EDITION STATEMENT | |
| Edition statement | 3rd Edition |
| 264 ## - PRODUCTION, PUBLICATION, DISTRIBUTION, MANUFACTURE, AND COPYRIGHT NOTICE | |
| Place of production, publication, distribution, manufacture | New York |
| Name of producer, publisher, distributor, manufacturer | McGraw-Hill |
| Date of production, publication, distribution, manufacture, or copyright notice | ©1982 |
| 300 ## - PHYSICAL DESCRIPTION | |
| Extent | 553 pages.,: |
| Dimensions | 24 cm. |
| 336 ## - CONTENT TYPE | |
| Source | rdacontent |
| Content type term | text |
| 337 ## - MEDIA TYPE | |
| Source | rdamedia |
| Media type term | unmediated |
| 338 ## - CARRIER TYPE | |
| Source | rdacarrier |
| Carrier type term | volume |
| 650 #0 - SUBJECT ADDED ENTRY--TOPICAL TERM | |
| 9 (RLIN) | 965 |
| Topical term or geographic name entry element | Management |
| 700 ## - ADDED ENTRY--PERSONAL NAME | |
| 9 (RLIN) | 11245 |
| Personal name | O'Donnell, Cyril |
| 700 1# - ADDED ENTRY--PERSONAL NAME | |
| 9 (RLIN) | 4500 |
| Personal name | Weihrich, Heinz |
| 942 ## - ADDED ENTRY ELEMENTS (KOHA) | |
| Source of classification or shelving scheme | Library of Congress Classification |
| Koha item type | Reserved Books |
| Withdrawn status | Source of classification or shelving scheme | Damaged status | Not for loan | Collection code | Home library | Current library | Date acquired | Total Checkouts | Full call number | Barcode | Date last seen | Price effective from | Koha item type |
|---|---|---|---|---|---|---|---|---|---|---|---|---|---|
| Library of Congress Classification | Non-fiction | Morong Graduate Library | Morong Graduate Library | 03/17/2025 | HD31 .K837e 1982 | URSMOR-GL-440 | 03/17/2025 | 03/17/2025 | Reserved Books |